Filozoficko-etické reflexie humanizácie ľudskej spoločnosti

Podrobná bibliografia
Hlavný autor: Ďurčík, Vladimír (filozof) (Autor)
Médium: Kniha
Jazyk:slovenčina
Fyzický popis:60 strán fotografie 25 cm
Vydavateľské údaje: Vo Zvolene Technická univerzita 2002
ISBN:8022811459
Vydanie:1. vyd.
Edícia:Vedecké štúdie
Predmet:

MARC

LEADER 00000cam a2200000 a 4500
001 vtls001450236
003 SK-MaSNL
005 20260301013824.0
008 240226s2002 xo o frnp 000 0 slo
015 |a SNBA2003/11-04121 
020 |a 8022811459  |q (brožované) 
035 |a SNK000405526 
035 |a urn:nbn:sk:snk-am3ite1 
035 |a 8C193AF1-4345-4EAA-92A3-C71B5EBF03F1 
035 |a urn:nbn:sk:snk-am00fha0 
040 |a SNK  |b slo  |c SNK  |e AACR2 
041 0 |a slo  |b eng  |b ger  |b rus 
044 |a xo  |c SK 
072 7 |a 316.4/.7  |x Sociálne interakcie  |2 konspekt 
072 7 |a 37.016  |x Učebné osnovy. Vyučovacie predmety. Učebnice  |2 konspekt 
080 |a 316.33  |2 1997 
080 |a 316.42  |2 1997 
080 |a 316.3/.6  |2 2011 
080 |a 316.7+ 008  |2 2011 
080 |a 316.423  |2 2011 
080 |a (075.8)  |2 2011 
100 1 |a Ďurčík, Vladimír  |c (filozof)  |4 aut  |9 187745 
245 1 0 |a Filozoficko-etické reflexie humanizácie ľudskej spoločnosti  |c Vladimír Ďurčík 
250 |a 1. vyd. 
260 |a Vo Zvolene  |b Technická univerzita  |c 2002 
300 |a 60 strán  |b fotografie  |c 25 cm 
366 |e 100 kusov 
490 1 |a Vedecké štúdie  |v 1/2002/A 
504 |a Bibliografia na strane 52-56 
546 |a Text slovensky, resumé anglicky, nemecky a rusky 
648 7 |a 20. storočie  |2 SNKPH  |9 278343 
650 0 7 |a človek a spoločnosť  |2 SNKPH  |9 4102 
650 0 7 |a civilizácia  |2 SNKPH  |9 887 
650 0 7 |a globálne problémy  |2 SNKPH  |9 3927 
650 0 7 |a eticko-výchovné aspekty  |2 SNKPH  |9 301169 
655 7 |a učebnice vysokých škôl  |2 SNKPH  |9 70191 
752 |a Slovensko  |a Zvolen 
830 0 |a Vedecké štúdie  |9 281577 
919 |a 80-228-1145-9 
958 |a TL 
958 |a NB 
958 |a UV 
958 |a OND 
999 |c 557039  |d 558969 
952 |t P60, <03>, [BOOK], {603}  |a SNK  |b SNK  |y PREZ  |7 0  |p 17A0375981  |o snkSC 110936  |i snkKSP 2998/2003  |0 0  |1 0  |4 0  |d 2003-02-26  |f 1  |l 0  |r 2025-10-01 00:00:00  |w 2026-02-23 
952 |t P60, <04>, [BOOK], {604}  |a SNK  |b SNK  |y VYP  |7 0  |p 17A0375982  |o snkSC 110936 D1  |i snkKSP 2999/2003  |0 0  |1 0  |4 0  |d 2003-02-26  |l 0  |r 2005-01-02 00:00:00  |w 2026-02-23